Dark princess : a romance /

Bibliographic Details
Main Author: Du Bois, W. E. B. (William Edward Burghardt), 1868-1963
Format: Book
Language:English
Published: Millwood, N.Y. : Kraus-Thomson Organization, [1974]

MARC

Tag First Indicator Second Indicator Subfields
LEADER 00000pam a2200000 4500
001 in00000683080
005 20161213104026.0
008 740415r19741928nyu b 00001 eng
010 |a  74007248  
020 |a 0527252956 
035 |a (OCoLC)00897909 
035 |9 ACZ6862AM 
040 |a DLC  |c DLC  |d TXA  |d UtOrBLW 
049 |a TXAM  |c [1340055] 
050 0 0 |a PZ3.D8525  |b Dar9  |a PS3507.U147 
090 |a PS3507.U147  |b D37 1974 
100 1 |a Du Bois, W. E. B.  |q (William Edward Burghardt),  |d 1868-1963. 
245 1 0 |a Dark princess :  |b a romance /  |c New introd. by Herbert Aptheker. 
264 1 |a Millwood, N.Y. :  |b Kraus-Thomson Organization,  |c [1974] 
264 4 |c [©1928] 
300 |a 29, 311 pages ;  |c 24 cm. 
336 |a text  |b txt  |2 rdacontent 
337 |a unmediated  |b n  |2 rdamedia 
338 |a volume  |b nc  |2 rdacarrier 
500 |a Reprint of the edition published by Harcourt, Brace, New York. 
504 |a Includes bibliographical references. 
999 |a MARS 
999 f f |s d28ba38c-a85e-3178-8175-5686a8398c4d  |i a04b8b48-1bf8-3f0a-9ec4-cbf2e6665287  |t 0 
952 f f |p normal  |a Texas A&M University  |b College Station  |c Sterling C. Evans Library  |d Evans: Library Stacks  |t 0  |e PS3507.U147 D37 1974  |h Library of Congress classification  |i unmediated -- volume  |m A14804222766 
998 f f |a PS3507.U147 D37 1974  |t 0  |l Evans: Library Stacks